000 00301nmm a2200097Ia 4500
008 220120s9999||||xx |||||||||||||||||und||
020 _a0-07-044540-0
100 _aAyala, Kenneth, J
245 0 _a8051 Microcontroller : Architecture programming and applicat
260 _aCengage learning
_bNew Delhi
_c2010
999 _c139547
_d139547